Statistiques concernant La Bible - L'ordre des 10 commandements

Cliquez ici pour prendre le quiz!

Statistiques générales

  • Ce quiz a été pris 73 fois
  • Le résultat moyen est 9 sur 10

Statistiques - réponses

CommandementOrdre% Correct
Tu n'auras pas d'autres dieux1
100%
Tu ne te feras point d'idoles2
95%
Tu te souviendras du jour du repos4
95%
Tu ne porteras pas de faux témoignages9
94%
Tu ne commettras point d'adultère7
94%
Tu ne prendras point le nom de Dieu en vain3
94%
Tu ne tueras point6
92%
Tu honoreras ton père et ta mère5
92%
Tu ne convoiteras point10
91%
Tu ne voleras point8
91%

Distribution des résultats

Percentile par nombre de réponses

% des personnes avec chaque résultat

Votre développement - résultats

Vous n’avez pas pris ce quiz